000 00702nam a22002297a 4500
999 _c16668
_d16668
003 AR-CdUCM
008 190504b ||||| |||| 00| 0 spa d
040 _aMUNICIPALIDAD PROVINCIAL DEL CUSCO
_cBIBLIOTECA MUNICIPAL DEL CUSCO
041 _hswe
082 _a839.775 /
_bL16
100 _aLagerkvist, Pär
_932258
245 _aEl verdugo :
_by otros cuentos /
260 _aBuenos Aires :
_bEmecé,
_c1954.
300 _a185 páginas ;
_c19 cm.
505 _aContenido: Cuentos.
650 _aLiteratura Sueca
_910509
650 _aCuentos suecos
_913025
650 _aSiglo XX
_98
700 _aTezanos Pinto, Fausto de (traducción)
_935892
942 _2ddc
_cLIBROS
945 _aachl
_d2019-05-04